000 01267nam a2200205Ia 4500
999 _c44588
_d44588
001 11391
003 GE_BSU
005 20210407144213.0
008 181216s1935|||| |||||||||||||| ||geo||
041 _ageo
080 _a581.9(479.22) კ-43
100 _aკეცხოველი ნ.
_911150
245 _aსაქართველოს მცენარეულობის ძირითადი ტიპები :
_b ტექსტში 24 პატარა რუკით და სქემით და ერთი ფერადებიანი რუკით /
_cნ.კეცხოველი, რედ.გ. აბესაძე.
264 _aთბილისი:
_bთბილისის სახ. უნ–ტის გამ–ბა.
_c1935.
300 _aXXX,438[7]გვ.:
_bილ. 1ჩ.ფ.კარტ.
_c23 სმ.
653 _aსაქართველოს მცენარეულობის ძირითადი ტიპები
700 _aაბესაძე, გ
_eრედაქტოერი
_91415
710 _aტფილისის სახელმწიფო უნივერსიტეტის ბოტანიკის კათედრა
_911151
942 _cBK
_2udc